Smich naš každodennyj

Bibliographic Details
Main Author: Žolobanič, Miroslav, 1956- (Author, Illustrator)
Other Authors: Koporová, Kvetoslava, 1964- (Translator)
Format: Book
Language:Ukrainian
Slovak
PhysicalDescription:95 strán ilustrácie 15 x 21 cm
Published: [Košice] Občianske združenie Svet menšín 2017
ISBN:9788097284305 (brožované)
Edition:Prvé vydanie
Subjects:

MARC

LEADER 00000nam a2200000 4500
001 vtls011786023
003 SK-MaSNL
005 20260301050158.0
008 200205s2017 xo a g 000 h ukr
015 |a SNBA2018/11 
020 |a 9788097284305 (brožované) 
035 |a urn:nbn:sk:snk-am00d96v 
035 |a urn:nbn:sk:snk-am3htwv 
035 |a F20F8B8C-ADC2-4DDA-A168-8F11C07FE135 
040 |a SNK  |b slo  |c SNK  |e rda 
041 0 |a ukr  |a slo 
043 |a e-xo--- 
044 |a xo  |c SK 
072 7 |a 821-1/-8  |x Literatúra rôznych foriem a žánrov  |2 konspekt 
080 |a (=161.2)  |2 2011 
080 |a 323.15  |2 2011 
080 |a 7.04  |2 2011 
080 |a 82-7  |2 2011 
080 |a (0:82-845)741.5  |2 2011 
080 |a 821-845  |2 2011 
080 |a (437.6)  |2 2011 
100 1 |a Žolobanič, Miroslav,  |d 1956-  |4 aut  |4 ill  |9 313973 
245 1 0 |a Smich naš každodennyj  |c Miroslav Žolobanič ; preklad: Kvetoslava Koporová 
246 3 1 |a Smiech náš každodenný 
250 |a Prvé vydanie 
264 1 |a [Košice]  |b Občianske združenie Svet menšín  |c 2017 
300 |a 95 strán  |b ilustrácie  |c 15 x 21 cm 
336 |a text  |b txt  |2 rdacontent 
336 |a statický obraz  |b sti  |2 rdacontent 
337 |a bez média  |b n  |2 rdamedia 
338 |a zväzok  |b nc  |2 rdacarrier 
500 |a Vytlačené naprieč 
546 |a Súbežný názov text v slovenčine 
650 0 7 |a Rusíni  |z Slovensko  |2 SNKPH  |9 336690 
650 0 7 |a Rusíni  |x humor  |2 SNKPH  |9 355388 
650 0 7 |a národnostné menšiny  |z Slovensko  |2 SNKPH  |9 304178 
650 0 7 |a námety, témy a motívy  |2 SNKPH  |9 2883 
650 0 7 |a Ruthenians  |z Slovakia  |2 SNKPHeng  |9 336689 
650 0 7 |a Ruthenians  |x humor  |2 SNKPHeng  |9 355389 
650 0 7 |a National minorities  |z Slovakia  |2 SNKPHeng  |9 355390 
650 0 7 |a Themes and motives  |2 SNKPHeng  |9 284413 
655 7 |a kreslené vtipy  |2 SNKPH  |9 70684 
655 7 |a Jokes  |2 SNKPHeng  |9 325963 
700 1 |a Koporová, Kvetoslava,  |d 1964-  |4 trl  |9 110878 
919 |a 978-80-972843-0-5 
999 |c 600340  |d 602270 
952 |a SNK  |b SNK  |y PREZ  |7 0  |p 17A1337732  |o snkOSE 5318  |i snk2018/21335  |8 0  |0 0  |1 0  |4 0  |d 2018-10-18  |f 1  |l 0  |r 2026-02-23 15:52:18  |w 2026-02-23 
952 |a SNK  |b SNK  |y VYP  |7 0  |p 17A1337733  |o snkOSE 5318 D1  |i snk2018/21336  |8 0  |0 0  |1 0  |4 0  |d 2018-10-18  |l 0  |r 2026-02-23 15:52:18  |w 2026-02-23